American dreams - pioneering office projects (Record no. 61960)

MARC details
000 -LEADER
fixed length control field 00737cam a2200217 4500
001 - CONTROL NUMBER
control field ABS61694
008 - FIXED-LENGTH DATA ELEMENTS--GENERAL INFORMATION
fixed length control field 000000n1999 000 0 eng u
035 ## - SYSTEM CONTROL NUMBER
System control number (Sirsi) u103108
100 ## - MAIN ENTRY--PERSONAL NAME
Personal name Ross, P.
245 ## - TITLE STATEMENT
Title American dreams - pioneering office projects
260 ## - PUBLICATION, DISTRIBUTION, ETC.
Date of publication, distribution, etc. 1999
490 ## - SERIES STATEMENT
Series statement Flexible Working
Volume/sequential designation 5(1), November 1999 21-24(4)
520 ## - SUMMARY, ETC.
Summary, etc. Considers new creative working projects in American offices, which have been designed to increase creativity and offer a productive environment in which employees can excel.
590 ## - LOCAL NOTE (RLIN)
Local note ABS
650 ## - SUBJECT ADDED ENTRY--TOPICAL TERM
Topical term or geographic name entry element UNITED STATES
650 ## - SUBJECT ADDED ENTRY--TOPICAL TERM
Topical term or geographic name entry element CREATIVE WORKSPACE
650 ## - SUBJECT ADDED ENTRY--TOPICAL TERM
Topical term or geographic name entry element OFFICE DESIGN
650 ## - SUBJECT ADDED ENTRY--TOPICAL TERM
Topical term or geographic name entry element WORKPLACE DESIGN
690 ## - LOCAL SUBJECT ADDED ENTRY--TOPICAL TERM (OCLC, RLIN)
Topical term or geographic name as entry element MANAGEMENT-FACILITIES MANAGEMENT
942 ## - ADDED ENTRY ELEMENTS (KOHA)
Suppress in OPAC 0
Holdings
Withdrawn status Lost status Source of classification or shelving scheme Damaged status Not for loan Home library Current library Shelving location Date acquired Total Checkouts Full call number Barcode Date last seen Copy number Price effective from Koha item type
    Dewey Decimal Classification     London London Journal article 14/12/1999   ABS61694 103108-1001 06/08/2019 1 06/08/2019 Journal article